Todos os Filmes com U$1 Bilhão ou mais nas Bilheterias - Statistics

Estatísticas Gerais
  • Esse quiz foi jogado 341 vezes
  • A pontuação média é 11 de 55
Estatísticas das Respostas
Posição Ano de Lançamento Diretor(a) Bilheteria (Em Dólares) Filme % Correto
1 2009 James Cameron 2 923 Bilhões Avatar
93%
11 2012 Joss Whedon 1 520 Bilhão Os Vingadores
85%
4 1996 James Cameron 2 264 Bilhões Titanic
83%
2 2019 Joe e Anthony Russo 2 799 Bilhões Vingadores: Ultimato
82%
3 2022 James Cameron 2 320 Bilhões Avatar: O Caminho da Água
72%
6 2018 Joe e Anthony Russo 2 052 Bilhões Vingadores: Guerra Infinita
72%
15 2023 Greta Gerwig 1 445 Bilhão Barbie
58%
28 2016 Joe e Anthony Russo 1 155 Bilhão Capitão América: Guerra Civil
38%
16 2015 Joss Whedon 1 405 Bilhão Vingadores: Era de Ultron
31%
7 2021 Jon Watts 1 921 Bilhão Homem-Aranha: Sem Volta Para Casa
30%
9 2019 Jon Favreau 1 663 Bilhão O Rei Leão
24%
54 2008 Christopher Nolan 1 006 Bilhão Batman: O Cavaleiro das Trevas
23%
5 2015 J.J Abrams 2 071 Bilhões Star Wars VII: O Despertar da Força
23%
22 2013 Chris Buck e Jennifer Lee 1 284 Bilhão Frozen
22%
10 2024 Kelsey Mann 1 597 Bilhão Divertida Mente 2
20%
40 2019 Todd Phillips 1 074 Bilhão Coringa
19%
32 2019 Jon Watts 1 132 Bilhão Homem-Aranha: Longe de Casa
19%
35 1993 Steven Spielberg 1 109 Bilhão Jurassic Park
19%
18 2018 Ryan Coogler 1 349 Bilhão Pantera Negra
19%
12 2015 James Wan 1 515 Bilhão Velozes & Furiosos 7
16%
14 2019 Chris Buck e Jennifer Lee 1 453 Bilhão Frozen II
15%
26 2013 Shane Black 1 215 Bilhão Homem de Ferro 3
14%
8 2015 Colin Trevorrow 1 671 Bilhão Jurassic World
13%
47 1999 George Lucas 1 041 Bilhão Star Wars I: Ameaça Fantasma
12%
20 2018 Rian Johnson 1 334 Bilhão Star Wars VIII - Os Últimos Jedi
11%
42 2010 Lee Unkrich 1 067 Bilhão Toy Story 3
11%
29 2018 James Wan 1 148 Bilhão Aquaman
10%
13 2022 Joseph Kasinski 1 495 Bilhão Top Gun: Maverick
10%
41 2019 Josh Cooley 1 073 Bilhão Toy Story 4
10%
50 2011 Tim Burton 1 025 Bilhão Alice no País das Maravilhas
8%
33 2019 Ryan Fleck e Anna Boden 1 131 Bilhão Capitã Marvel
8%
30 2003 Peter Jackson 1 147 Bilhão O Senhor dos Anéis: O Retorno do Rei
8%
25 2017 F. Gary Gray 1 236 Bilhão Velozes & Furiosos 8
8%
51 2001 Chris Columbus 1 024 Bilhão Harry Potter e a Pedra Filosofal
7%
19 2012 David Yates 1 342 Bilhão Harry Potter e as Relíquias da Morte: Parte 2
7%
24 2018 Brad Bird 1 243 Bilhão Os Incríveis 2
7%
34 2011 Michael Bay 1 123 Bilhão Transformers: O Lado Oculto da Lua
7%
53 2012 Petter Jackson 1 017 Bilhão O Hobbit: Uma Jornada Inesperada
6%
39 2019 J.J Abrams 1 077 Bilhão Star Wars IX: A Ascenção Skywalker
6%
31 2012 Sam Mendes 1 142Bilhão 007 - Operação Skyfall
5%
38 2012 Christopher Nolan 1 081 Bilhão Batman - O Cavaleiro das Trevas Ressurge
5%
37 2024 Shawn Levy 1 093 Bilhão Deadpool & Wolverine
5%
27 2015 Kyle Balda e Pierre Coffin 1 159 Bilhão Minions
5%
17 2023 Michael Jelenic e Aaron Horvath 1 360 Bilhão Super Mario Bros. - O Filme
5%
36 2014 Michael Bay 1 104 Bilhão Transformers: A Era da Extinção
4%
52 2016 Byron Howard e Rich Moore 1 023 Bilhão Zootopia
4%
23 2017 Bill Condon 1 266 Bilhão A Bela e a Fera
3%
45 2019 Guy Ritchie 1 054 Bilhão Aladdin
2%
21 2018 J.A. Bayona 1 310 Bilhão Jurassic Word: O Reino Ameaçado
2%
55 2022 Colin Trevorrow 1 001 Bilhão Jurassic World: Domínio
2%
48 2017 Kyle Balda e Pierre Coffin 1 034 Bilhão Meu Malvado Favorito 3
2%
49 2016 Andrew Stanton 1 029 Bilhão Procurando Dory
2%
44 2016 Gareth Edwards 1 058 Bilhão Rogue One: Uma História Star Wars
2%
46 2011 Rob Marshall 1 046 Bilhão Piratas do Caribe: Navegando em Águas Misteriosas
1%
43 2006 Gore Verbinski 1 066 Bilhão Piratas do Caribe: O Baú da Morte
1%
Nenhum quiz correspondente encontrado
Distribuição das Pontuações
Porcentagem de Pessoas com Cada Pontuação
Percentil de Números Respondidos
Sua Pontuação Histórica
Você não jogou esse quiz